000 00633nam a2200241Ia 4500
003 OSt
005 20220918212138.0
006 a|||||r|||| 00| 0
007 ta
008 220917b |||||||| |||| 00| 0 eng d
024 _a127,444
037 _cTextual
040 _aARTS
_cARTS
_beng
041 _2eng
_aeng
082 _aW6.730j2, M2
100 _aRoy R
_9104109
245 0 _aDemocracy in two nations
_b USA and India
260 _aNew Delhi
_bSouth Asian Pub
_c1982
300 _axi, 403p.
_ccm.
650 _aPOLITICAL SCIENCE
942 _hW6.730j2, M2
_cTEXL
_2CC
999 _c250586
_d250586